Central Library OPAC University of Rajshahi

The Student's practical dictionary containing English words with English and Urdu meanings and Hindustani words with English meanings together with a list of Latin and Greek words and phrases with their English and Urdu equivalents in Persian character / (Record no. 56185)

MARC details
000 -LEADER
fixed length control field 00858nam a2200217 a 4500
001 - CONTROL NUMBER
control field 56185
003 - CONTROL NUMBER IDENTIFIER
rucl marc code BD-RjUL
005 - DATE AND TIME OF LATEST TRANSACTION
control field 20251116121016.0
008 - FIXED-LENGTH DATA ELEMENTS--GENERAL INFORMATION
fixed length control field 161127s1954 ii ||||| |||| 00| 0 eng d
035 ## - SYSTEM CONTROL NUMBER
System control number (BD-RjUL)56309
040 ## - CATALOGING SOURCE
Original cataloging agency BD-RjUL
Language of cataloging eng
Transcribing agency BD-RjUL
041 ## - LANGUAGE CODE
Language code of text/sound track or separate title eng
082 ## - DEWEY DECIMAL CLASSIFICATION NUMBER
Edition number 23
Classification number 491.439321
Author mark and year LAS 1954
100 ## - MAIN ENTRY--PERSONAL NAME
Personal name Lal, Ram N.
9 (RLIN) 167219
245 ## - TITLE STATEMENT
Title The Student's practical dictionary containing English words with English and Urdu meanings and Hindustani words with English meanings together with a list of Latin and Greek words and phrases with their English and Urdu equivalents in Persian character /
Statement of responsibility, etc. Ram N. Lal.
250 ## - EDITION STATEMENT
Edition statement Rev. and improved ed.
260 ## - PUBLICATION, DISTRIBUTION, ETC. (IMPRINT)
Place of publication, distribution, etc. Allahabad :
Name of publisher, distributor, etc. R.N. Lal,
Date of publication, distribution, etc. 1954.
300 ## - PHYSICAL DESCRIPTION
Pagination 710 p. ;
Size 24 cm.
650 ## - SUBJECT ADDED ENTRY--TOPICAL TERM
Topical term or geographic name as entry element Urdu language -- Dictionaries -- English.
Form subdivision Dictionaries
General subdivision English.
9 (RLIN) 167220
942 ## - ADDED ENTRY ELEMENTS (KOHA)
Source of classification or shelving scheme Dewey Decimal Classification
Koha item type Books
Holdings
Lost status Source of classification or shelving scheme Damaged status Not for loan Collection code Permanent Location Current Location Date acquired Source of acquisition Cost, normal purchase price Full call number Date last seen Copy number Koha item type
  Dewey Decimal Classification     Non-fiction Central Library, University of Rajshahi Central Library, University of Rajshahi 13/06/1955 Pub. United. 8.00 491.439321 LAS 1954 27/11/2016 C-2 Books